Ostenta Carolina, or, The late calamities of England with the authors of them : the great happiness and happy government of K. Charles II ensuing, miraculously foreshewn by the finger of God in two wonderful diseases, the rekets and kings-evil : wherein is also shewen and proved (I.) that the rekets after a while shall seize on no more children but quite vanish through the mercy of God and by means of K. Charles II., (II.) that K. Charles II is the last of kings which shall so heal the kings-evil /

Bibliographic Details
Main Author: Bird, John, 17th cent
Format: eBook
Language:English
Published: London : Printed for Fra. Sowle, and are to be sold by Robert Harrison ..., 1661.
Series:Early English books online.
Subjects:
Online Access:Connect to the full text of this electronic book

MARC

Tag First Indicator Second Indicator Subfields
LEADER 00000nam a2200000Ia 4500
001 in00004181113
005 20200810072753.0
006 m g d
007 cr bn |||a|bb|
008 850624s1661 enk o 00| | eng d
035 |a (OCoLC)12191177 
040 |a EAA  |c EAA  |d m/c  |d WaOLN 
037 |a CL0037000004  |b ProQuest Information and Learning. 300 N. Zeeb Rd., Ann Arbor, MI 48106 
043 |a e-uk-en 
049 |a UMIA 
100 1 |a Bird, John,  |d 17th cent. 
245 1 0 |a Ostenta Carolina, or, The late calamities of England with the authors of them :  |b the great happiness and happy government of K. Charles II ensuing, miraculously foreshewn by the finger of God in two wonderful diseases, the rekets and kings-evil : wherein is also shewen and proved (I.) that the rekets after a while shall seize on no more children but quite vanish through the mercy of God and by means of K. Charles II., (II.) that K. Charles II is the last of kings which shall so heal the kings-evil /  |c discovered by the hand of the Lord upon his unworthy servant and His Majesties subject, John Bird ... 
260 |a London :  |b Printed for Fra. Sowle, and are to be sold by Robert Harrison ...,  |c 1661. 
300 |a 1 online resource ([8], 91 pages) 
336 |a text  |b txt  |2 rdacontent 
337 |a computer  |b c  |2 rdamedia 
338 |a online resource  |b cr  |2 rdacarrier 
500 |a Reproduction of original in British Library. 
510 4 |a Wing  |c B2954 
533 |a Electronic reproduction.  |b Ann Arbor, Mich. :  |c UMI,  |d 1999-  |f (Early English books online)  |n Digital version of: (Early English books, 1641-1700 ; 122:3)  |7 s1999 miun s 
600 0 0 |a Charles  |b II,  |c King of England,  |d 1630-1685. 
740 0 |a Ostenta Carolina. 
740 0 |a Late calamities of England with the authors of them. 
830 0 |a Early English books online. 
856 4 0 |u http://proxy.library.tamu.edu/login?url=https://search.proquest.com/docview/2240954341  |z Connect to the full text of this electronic book  |t 0 
999 f f |s c3aec46f-ce7d-3183-a96d-444dfa63398a  |i e1871778-60ac-3bd9-9132-37b812735ad8  |t 0 
952 f f |a Texas A&M University  |b College Station  |c Electronic Resources  |d Available Online  |t 0  |h No information provided 
998 f f |t 0  |l Available Online